[Event "CZE-ch U12"]
[Site "Kouty nad Desnou"]
[Date "2017.03.17"]
[Round "8"]
[White "Vokoun, Tomas"]
[Black "Kolar, Jan"]
[Result "0-1"]
[WhiteElo "1394"]
[BlackElo "1593"]
[PlyCount "82"]
[EventDate "2017.03.11"]
[EventType "swiss"]
[EventRounds "9"]
[EventCountry "CZE"]
[SourceTitle "CBM 177 Extra"]
[Source "ChessBase"]
[SourceDate "2017.04.27"]
[SourceVersion "1"]
[SourceVersionDate "2017.04.27"]
[SourceQuality "1"]

1. e4 c5 2. b4 cxb4 3. a3 e6 4. axb4 Bxb4 5. c3 Ba5 6. d4 d5 7. Qa4+ Nc6 8. Bb5 Bb6 9. Nf3 Nge7 10. Ne5 Bd7 11. Nxd7 Qxd7 12. Ba3 Rc8 13. e5 a6 14. Bxc6 Rxc6 15. 0-0 Rc4 16. Qxd7+ Kxd7 17. Bb2 Rhc8 18. Nd2 R4c6 19. Nf3 h6 20. Nh4 Bd8 21. f4 g6 22. g4 Ng8 23. Nf3 b5 24. g5 h5 25. Ne1 a5 26. Nd3 Ra8 27. Nc5+ Kc7 28. Ra2 Be7 29. Nd3 Rca6 30. Rfa1 Kb6 31. Kf2 b4 32. cxb4 axb4 33. Rxa6+ Rxa6 34. Rxa6+ Kxa6 35. Ke2 Kb5 36. Kd2 Bd8 37. Kc2 Ne7 38. Kb3 Nc6 39. Nc1 Bb6 40. Ne2 Na5+ 41. Kc2 Kc4 0-1

[Event "CZE-ch U12"]
[Site "Kouty nad Desnou"]
[Date "2017.03.16"]
[Round "7"]
[White "Kolar, Jan"]
[Black "Vojta, Jakub"]
[Result "0-1"]
[WhiteElo "1593"]
[BlackElo "1825"]
[PlyCount "44"]
[EventDate "2017.03.11"]
[EventType "swiss"]
[EventRounds "9"]
[EventCountry "CZE"]
[SourceTitle "CBM 177 Extra"]
[Source "ChessBase"]
[SourceDate "2017.04.27"]
[SourceVersion "1"]
[SourceVersionDate "2017.04.27"]
[SourceQuality "1"]

1. e4 c5 2. Nf3 d6 3. d4 cxd4 4. Nxd4 Nf6 5. Nc3 a6 6. Bg5 e6 7. f4 Be7 8. Qf3 Qc7 9. Bxf6 Bxf6 10. 0-0-0 0-0 11. g4 b5 12. g5 Bxd4 13. Rxd4 Nc6 14. Rd2 b4 15. Nb1 Bb7 16. Bd3 b3 17. a3 Nd4 18. Qe3 e5 19. Rg1 Rac8 20. Nc3 Qb6 21. Kb1 Rxc3 22. bxc3 bxc2+ 0-1

[Event "CZE-ch U12"]
[Site "Kouty nad Desnou"]
[Date "2017.03.13"]
[Round "3"]
[White "Jun, Rudolf Jr"]
[Black "Kolar, Jan"]
[Result "1-0"]
[WhiteElo "1755"]
[BlackElo "1593"]
[PlyCount "95"]
[EventDate "2017.03.11"]
[EventType "swiss"]
[EventRounds "9"]
[EventCountry "CZE"]
[SourceTitle "CBM 177 Extra"]
[Source "ChessBase"]
[SourceDate "2017.04.27"]
[SourceVersion "1"]
[SourceVersionDate "2017.04.27"]
[SourceQuality "1"]

1. e4 e5 2. Nf3 Nc6 3. Bb5 Nf6 4. 0-0 d6 5. d4 Bd7 6. Bxc6 Bxc6 7. Re1 Be7 8. Nc3 0-0 9. dxe5 dxe5 10. Bg5 Nd7 11. Bxe7 Qxe7 12. Qe2 Rae8 13. Rad1 Nb6 14. Nd2 Qg5 15. Nc4 f5 16. Nxb6 cxb6 17. Nd5 fxe4 18. Qxe4 Kh8 19. Qe3 Qg6 20. c4 Qg4 21. b3 Re6 22. Qe4 Qg5 23. Re3 Qh5 24. Rde1 Rg6 25. Rh3 Qxh3 26. Qxg6 Qxh2+ 27. Kxh2 hxg6 28. f3 Re8 29. Kg3 Kg8 30. Kf2 Kf7 31. Nc3 Kf6 32. b4 Rc8 33. Rc1 a6 34. Ke3 Ke6 35. Rc2 b5 36. c5 Rd8 37. Rd2 Rxd2 38. Kxd2 Kf5 39. Ke3 g5 40. g4+ Ke6 41. Kf2 Bd5 42. Ke3 Bc6 43. Ne4 Bxe4 44. Kxe4 a5 45. bxa5 b4 46. c6 Kd6 47. cxb7 Kc7 48. a6 1-0

[Event "CZE-ch U12"]
[Site "Kouty nad Desnou"]
[Date "2017.03.12"]
[Round "2"]
[White "Kolar, Jan"]
[Black "Gnojek, Petr"]
[Result "1-0"]
[WhiteElo "1593"]
[BlackElo "1803"]
[PlyCount "93"]
[EventDate "2017.03.11"]
[EventType "swiss"]
[EventRounds "9"]
[EventCountry "CZE"]
[SourceTitle "CBM 177 Extra"]
[Source "ChessBase"]
[SourceDate "2017.04.27"]
[SourceVersion "1"]
[SourceVersionDate "2017.04.27"]
[SourceQuality "1"]

1. d4 f5 2. c4 Nf6 3. e3 g6 4. Nc3 Bg7 5. Bd2 d6 6. Qb3 Nbd7 7. Nf3 c6 8. Ng5 Nf8 9. c5 d5 10. 0-0-0 h6 11. Nh3 N8d7 12. Nf4 Kf7 13. Be2 e5 14. Nfxd5 cxd5 15. Nxd5 Ke8 16. Bb5 a6 17. Ba4 Nxd5 18. Qxd5 Qe7 19. Bb4 Qf7 20. dxe5 Qxd5 21. Rxd5 a5 22. Ba3 Ra6 23. Rhd1 Rc6 24. Bxc6 bxc6 25. Rd6 Bxe5 26. Rxc6 Bb7 27. Re6+ Kf7 28. Rxd7+ Kxe6 29. Rxb7 Bxh2 30. Rb6+ Kf7 31. g3 Bg1 32. c6 Bxf2 33. Rb7+ Ke6 34. Re7+ Kf6 35. Bd6 Bxg3 36. Rd7 Bxd6 37. Rxd6+ Kf7 38. c7 Rc8 39. Rc6 h5 40. Kd2 Kg7 41. Ke2 h4 42. a3 g5 43. b4 h3 44. Kf2 f4 45. exf4 gxf4 46. b5 Re8 47. c8Q 1-0

[Event "CZE-ch U12"]
[Site "Kouty nad Desnou"]
[Date "2017.03.11"]
[Round "1"]
[White "Kolar, Jan"]
[Black "Neumann, Filip"]
[Result "0-1"]
[WhiteElo "1593"]
[BlackElo "1790"]
[PlyCount "75"]
[EventDate "2017.03.11"]
[EventType "swiss"]
[EventRounds "9"]
[EventCountry "CZE"]
[SourceTitle "CBM 177 Extra"]
[Source "ChessBase"]
[SourceDate "2017.04.27"]
[SourceVersion "1"]
[SourceVersionDate "2017.04.27"]
[SourceQuality "1"]

1. e4 c5 2. Nf3 d6 3. d4 cxd4 4. Nxd4 Nf6 5. Nc3 g6 6. Be3 Bg7 7. h3 0-0 8. Qd2 Nc6 9. 0-0-0 d5 10. Nxc6 bxc6 11. exd5 Nxd5 12. Nxd5 cxd5 13. Qxd5 Qc7 14. Qxa8 Bf5 15. Qxf8+ Kxf8 16. Bd3 Be6 17. Kb1 f5 18. Rhe1 Qa5 19. a3 Qd5 20. c4 Qxg2 21. Bxa7 Qb7 22. Rd2 Bc3 23. Rxe6 Bxd2 24. Re2 Qh1+ 25. Kc2 Qc1+ 26. Kb3 Qd1+ 27. Ka2 Bg5 28. c5 Qxd3 29. Re1 Qc2 30. Rb1 Qxf2 31. a4 Be3 32. a5 Bxc5 33. Bxc5 Qxc5 34. b4 Qb5 35. Rb3 f4 36. Ka3 e5 37. Rf3 Qe2 38. Rb3 0-1

[Event "CZE-ch U10"]
[Site "Kouty nad Desnou"]
[Date "2015.03.12"]
[Round "7"]
[White "Vantuch, Lucian"]
[Black "Kolar, Jan"]
[Result "1-0"]
[WhiteElo "1602"]
[BlackElo "1326"]
[PlyCount "61"]
[EventDate "2015.03.07"]
[EventType "swiss"]
[EventRounds "9"]
[EventCountry "CZE"]
[SourceTitle "EXT 2017"]
[Source "ChessBase"]
[SourceDate "2016.10.25"]
[SourceVersion "1"]
[SourceVersionDate "2016.10.25"]
[SourceQuality "1"]

1. e4 e5 2. Nf3 Nc6 3. d4 exd4 4. Bc4 Nf6 5. 0-0 d5 6. exd5 Nxd5 7. Nxd4 Nxd4 8. Qxd4 Be6 9. Re1 c6 10. Nc3 Be7 11. Nxd5 Bxd5 12. Qxg7 Rf8 13. Bg5 f6 14. Bxd5 cxd5 15. Bxf6 Rf7 16. Qg8+ Rf8 17. Qg5 Rf7 18. Re6 Rc8 19. Rae1 Rc7 20. Qg8+ Rf8 21. Qxh7 Rf7 22. Qg8+ Rf8 23. Qg6+ Rf7 24. Rxe7+ Rcxe7 25. Rxe7+ Qxe7 26. Bxe7 Kxe7 27. h4 d4 28. h5 d3 29. cxd3 Rf6 30. Qxf6+ Kxf6 31. d4 1-0

[Event "CZE-ch U10"]
[Site "Kouty nad Desnou"]
[Date "2015.03.11"]
[Round "6"]
[White "Faja, Vilem"]
[Black "Kolar, Jan"]
[Result "1/2-1/2"]
[WhiteElo "1373"]
[BlackElo "1326"]
[PlyCount "152"]
[EventDate "2015.03.07"]
[EventType "swiss"]
[EventRounds "9"]
[EventCountry "CZE"]
[SourceTitle "EXT 2017"]
[Source "ChessBase"]
[SourceDate "2016.10.25"]
[SourceVersion "1"]
[SourceVersionDate "2016.10.25"]
[SourceQuality "1"]

1. e4 e5 2. f4 d6 3. Nf3 Nc6 4. Bc4 Bg4 5. 0-0 Nf6 6. Nc3 Be7 7. d3 Nd4 8. fxe5 Bxf3 9. gxf3 dxe5 10. Kh1 Qd7 11. Ne2 Ne6 12. Rg1 g6 13. Be3 a6 14. Nc3 0-0-0 15. Nd5 Nxd5 16. Bxd5 Rdf8 17. Bh6 Re8 18. c3 Bc5 19. Rg2 Nf4 20. Bxf4 exf4 21. Qb3 c6 22. d4 cxd5 23. dxc5 dxe4 24. Rd1 Qc7 25. fxe4 Rxe4 26. Qd5 Re7 27. Rgd2 Rhe8 28. b4 Re5 29. Qd6 Qxd6 30. cxd6 Kd7 31. c4 b6 32. a4 f3 33. Kg1 Re1+ 34. Rxe1 Rxe1+ 35. Kf2 Rc1 36. Rd4 Ra1 37. Rf4 f5 38. c5 bxc5 39. bxc5 Rc1 40. Rxf3 Rxc5 41. Rh3 Kxd6 42. Rxh7 Rc6 43. Ke3 Kc5 44. Rh4 Re6+ 45. Kd3 Re4 46. Rh6 Rg4 47. Kc3 f4 48. Rh8 Rg5 49. Rc8+ Kb6 50. Rb8+ Ka7 51. Rf8 Rg4 52. Rf6 g5 53. Rf5 Rg2 54. Kc4 Rxh2 55. Rxg5 Re2 56. Rg6 f3 57. Rf6 Re4+ 58. Kb3 Re3+ 59. Kb2 Re2+ 60. Kb3 f2 61. Kc3 Kb7 62. Kb4 Re4+ 63. Kb3 Re3+ 64. Kb4 Re2 65. Kb3 Kc7 66. Kb4 Kd7 67. Ka5 Rd2 68. Rf3 Rb2 69. Kxa6 Ke6 70. a5 Ke5 71. Ka7 Ke4 72. Rf8 Ke3 73. a6 Ke2 74. Ka8 Rd2 75. Rxf2+ Kxf2 76. a7 Ra2 1/2-1/2

[Event "CZE-ch U10"]
[Site "Kouty nad Desnou"]
[Date "2015.03.10"]
[Round "5"]
[White "Kolar, Jan"]
[Black "Kures, Michael"]
[Result "1/2-1/2"]
[WhiteElo "1326"]
[BlackElo "1481"]
[PlyCount "51"]
[EventDate "2015.03.07"]
[EventType "swiss"]
[EventRounds "9"]
[EventCountry "CZE"]
[SourceTitle "EXT 2017"]
[Source "ChessBase"]
[SourceDate "2016.10.25"]
[SourceVersion "1"]
[SourceVersionDate "2016.10.25"]
[SourceQuality "1"]

1. d4 d5 2. c4 e6 3. Nc3 Nf6 4. Nf3 Nbd7 5. Bf4 Be7 6. e3 0-0 7. c5 c6 8. Be2 b6 9. b4 a5 10. a3 Ba6 11. Bxa6 Rxa6 12. 0-0 Qa8 13. b5 Ra7 14. cxb6 Nxb6 15. Ne5 cxb5 16. Nxb5 Rb7 17. Rb1 Rc8 18. Nd3 Nc4 19. a4 Ne4 20. Rc1 Ned6 21. Bxd6 Nxd6 22. Rxc8+ Qxc8 23. Nc5 Rb6 24. Nxd6 Bxd6 25. Nd3 h6 26. h3 1/2-1/2

[Event "CZE-ch U10"]
[Site "Kouty nad Desnou"]
[Date "2015.03.10"]
[Round "4"]
[White "Vojta, Jakub"]
[Black "Kolar, Jan"]
[Result "1-0"]
[WhiteElo "1439"]
[BlackElo "1326"]
[PlyCount "87"]
[EventDate "2015.03.07"]
[EventType "swiss"]
[EventRounds "9"]
[EventCountry "CZE"]
[SourceTitle "EXT 2017"]
[Source "ChessBase"]
[SourceDate "2016.10.25"]
[SourceVersion "1"]
[SourceVersionDate "2016.10.25"]
[SourceQuality "1"]

1. e4 e5 2. d4 exd4 3. Bc4 Bc5 4. Nf3 Nc6 5. c3 dxc3 6. Bxf7+ Kxf7 7. Qd5+ Ke8 8. Qh5+ g6 9. Qxc5 Nge7 10. Qxc3 Rg8 11. 0-0 d6 12. Qc4 Bg4 13. Bf4 Bxf3 14. gxf3 g5 15. Bg3 h5 16. h3 Qd7 17. Kg2 g4 18. fxg4 Ne5 19. Bxe5 dxe5 20. f3 Rg7 21. Qc1 Ng6 22. Nc3 Nf4+ 23. Kh2 hxg4 24. fxg4 Qd3 25. Rxf4 exf4 26. Qxf4 Qc2+ 27. Kg3 Qxb2 28. Qe5+ Kf8 29. Rf1+ Kg8 30. Qd5+ Kh8 31. Qh5+ Kg8 32. Nd5 Qa3+ 33. Kh4 Rf8 34. Nf6+ Rxf6 35. Rxf6 Qe7 36. Qd5+ Kh8 37. e5 Rh7+ 38. Kg3 Qa3+ 39. Rf3 Qb4 40. Qd8+ Kg7 41. Qf6+ Kg8 42. Qe6+ Kh8 43. Qe8+ Kg7 44. Rf7+ 1-0